Письмо В. Макеева П. Д. Святополк-Мирскому - просит оказать содействие к скорейшему окончанию расчетов с администрацией Амурског...

Доступно только в Электронных читальных залах Найти на картеНа карте
RUSMARC
00003808nac2a22002533x 450
0014ce6b333-8e42-43f6-8f15-7d4bd3c3ad70
00520231124145800.0
100##$a20231107l1901 k y0rusy50 ca
1010#$arus
102##$aRU
105##$ay z |||||
1220#$ad19011231
2001#$aПисьмо В. Макеева П. Д. Святополк-Мирскому - просит оказать содействие к скорейшему окончанию расчетов с администрацией Амурского пароходства
$j1901
215##$a1 лист
$d27,7 х 23,6
251##$cДело
300##$aРукописный текст
461#0$100192272350-62bb-46dc-83bb-8220a1b3e7bb
$12001
$aСвятополк-Мирский Петр Дмитриевич, князь, министр внутренних дел (август 1904 г. - январь 1905 г.)
$1251
$cФонд
$1852
$j1729
462#0$1001c805a107-4c41-4482-a939-9aa544013161
$12001
$aДела постоянного хранения. 1857-1914 гг.
$vД. 1056
$1251
$cОпись
$1852
$j1
600#1$aСвятополк-Мирский
$bП. Д.
$cкнязь
$gПетр Дмитриевич
600#1$aМакеев
$bВ.
60102$3RU\NLR\AUTH\8810087445
$aАмурское пароходство
801#0$aRU
$bGA_RF
801#1$aRU
$bГлавНИВЦ
$c20231107
$2rusmarc
801#2$aRU
$bПБ им. Б.Н. Ельцина
$c20231124
$gRCR
$2rusmarc
852##$aГА РФ
$j1056
937##$d189125792
$hГАРФ
035##$aRuPRLIB51072755
856##$uhttp://readingroom.main.prlib.ru/item.aspx?id_node=n189125792&mode=full
Формат отображения